Parametrizácia kapitálovej štruktúry vybraného podniku a jej vplyv na rast jeho budúcej hodnoty diplomová práca

Na minha lista:
Detalhes bibliográficos
Autor principal: Tunáková, Laura
Autor Corporativo: Fakulta podnikového manažmentu EU. Katedra podnikovohospodárska
Outros Autores: Kintler, Jakub, 1979-
Formato: Livro
Idioma:eslovaco
Publicado em: Bratislava 2024
Tags: Adicionar Tag
Sem tags, seja o primeiro a adicionar uma tag!

MARC

LEADER 00000nbm a2200000 4500
001 0301081
005 20250207094830.8
041 0 |a slo 
044 |a SK 
245 1 0 |a Parametrizácia kapitálovej štruktúry vybraného podniku a jej vplyv na rast jeho budúcej hodnoty  |b diplomová práca  |c Laura Tunáková ; školiteľ: Jakub Kintler 
264 1 |a Bratislava  |c 2024 
300 |a 73 s. 
100 1 |a Tunáková, Laura 
700 1 |a Kintler, Jakub, 1979- 
710 2 |a Fakulta podnikového manažmentu EU. Katedra podnikovohospodárska